000
00264nam a22001217a 4500
008
170609b xxu||||| |||| 00| 0 eng d
041
_a
eng
080
_a
327
100
_a
19
101
_a
SHP
245
_a
GLOBAL PUBLIC POLICY
_c
REINICKE.W.H
942
_2
udc
_c
BK
999
_c
16702
_d
16702